| 000 | 00000nam##2200000za#4500 |
| 001 | 9.570373 |
| 003 | CaOODSP |
| 005 | 20210624182217 |
| 007 | cr ||||||||||| |
| 008 | 150406|2007||||xxc|||||o f|0| 0 eng|d |
| 040 | |aCaOODSP|beng |
| 043 | |an-cn--- |
| 086 | 1 |aIu182-1/2007-10E-PDF |
| 110 | 1 |aCanada. |bIndustry Canada. |bMicro-Economic Policy Analysis Branch. |
| 245 | 10|aInter-provincial barriers to labour mobility in Canada : |h[electronic resource]|bpolicy, knowledge gaps and research issues / |c[by] Patrick Grady, Kathleen Macmillan. |
| 246 | 3 |aRoundtable on Internal trade, opportunities and challenges (2007 : Ottawa, Ont.) |
| 260 | |aOttawa - Ontario : |bIndustry Canada. |
| 300 | |a40p.|bfigs., graph, tables |
| 490 | 1 |aWorking paper series|v2007-10 |
| 500 | |a"This research paper is one of four prepared for the Human Resources and Social Development Canada-Industry Canada Roundtable on 'Internal Trade: Opportunities and Challenges' which was held in Ottawa on Marhc 30, 2007"--p.3 of 40. |
| 504 | |aBibliography. |
| 590 | |a12-09-Supp|b2012-03-21 |
| 720 | 1 |aMacmillan, Kathleen |
| 720 | 1 |aGrady, Patrick |
| 775 | 08|tObstacles interprovinciaux à la mobilité de la main d'oeuvre au Canada : |w(CaOODSP)9.601105 |
| 830 | #0|aWorking paper series ;|v2007-10|w(CaOODSP)9.504818 |
| 856 | 40|ahttp://publications.gc.ca|qPDF|s391 KB|uhttps://publications.gc.ca/collections/collection_2011/ic/Iu182-1-2007-10-eng.pdf|y2007-10 |
| 986 | |aIC 60408 |